| 000 | 00812nam a2200241 i 4500 | ||
|---|---|---|---|
| 001 | 11628 | ||
| 003 | ES-MaACL | ||
| 005 | 20240326131457.0 | ||
| 007 | t| | ||
| 008 | 960705s1996 sp ||||1| spa d | ||
| 020 | _a84-86568-64-1 | ||
| 080 | _a929.6 | ||
| 100 | 1 |
_aArco y García, Fernando del, _d1923-2020 _922508 |
|
| 245 | 1 | 0 |
_aIntroducción a la heráldica / _cFernando del Arco y García. |
| 260 |
_aMadrid : _bPrensa y Ediciones Iberoamericanas, _c[1996?] |
||
| 300 |
_a144 p. : _bil. ; _c23 cm. |
||
| 490 | 1 |
_aPersevante Borgoña ; _v14 |
|
| 650 | 1 | 7 |
_aHeráldica _2embne _9235652 |
| 830 | 0 |
_aPersevante Borgoña ; _v14 _9179167 |
|
| 852 |
_aES-MaACL _jL-18991 _bR.125058 _qDedicatoria autógrafa del autor _zDedicatoria autógrafa del autor |
||
| 942 | _2udc | ||
| 999 |
_c11628 _d11628 |
||